000 02462cam a22002174a 4500
005 20250605164213.0
008 250528s ||||||||||||||||||||||||d
035 _a20332
020 _a471084352
040 _aGR-AtMCL
_bgre
_dGR-AtMCL
_eAACR2
245 1 _aThe Handbook of Forecasting / A Manager's Guide
260 _bJohn Wiley & Sons,
_c1982
300 _a608
505 0 _aRole and Application of Forecasting in Organizations, Sales Forecasting Requirements, Forecasting Requirements for Operations Planning and Control, Capacity Planning Forecasting Requirements, Financial Forecasting: Requirements and Issues, Forecasting in Strategic Planning, Frecasting: The Issues, Approaches to Forecasting, Smoothing Methods for Short-Term Planning and Control, Econometric Methods for Managerial Applications, Judgemental and Bayesian Forecasting, Monitoring and Adjusting Forecasts, Forecasting Challenges, Life-Cycle Forecasting, Forecasting Recessions, Forecasting Country Political Risk, Energy Forecasting, Forecasting: Incorporating Special Events and Marketing Actions, Forecasting for Industrial Products, Forecasting for Service Products, Evaluation of Forecasts, Managing the Forecasting Function, Integrating Forecasting and Decision Making, The Forecasting Audit, The Future of Forecasting, Glossary of Forecasting Terms, Index.
520 _aRole and Application of Forecasting in Organizations, Sales Forecasting Requirements, Forecasting Requirements for Operations Planning and Control, Capacity Planning Forecasting Requirements, Financial Forecasting: Requirements and Issues, Forecasting in Strategic Planning, Frecasting: The Issues, Approaches to Forecasting, Smoothing Methods for Short-Term Planning and Control, Econometric Methods for Managerial Applications, Judgemental and Bayesian Forecasting, Monitoring and Adjusting Forecasts, Forecasting Challenges, Life-Cycle Forecasting, Forecasting Recessions, Forecasting Country Political Risk, Energy Forecasting, Forecasting: Incorporating Special Events and Marketing Actions, Forecasting for Industrial Products, Forecasting for Service Products, Evaluation of Forecasts, Managing the Forecasting Function, Integrating Forecasting and Decision Making, The Forecasting Audit, The Future of Forecasting, Glossary of Forecasting Terms, Index.
700 1 _aMakridakis Spyros
_96339
700 1 _aWheelwright Steven C
_96340
942 _cBK
999 _c5454
_d5454